000 00802namaa2200181 i 4500
001 173979
003 ES-MaACL
005 20230906215416.0
008 100204s1899 sp |||| | spa d
100 1 _aÁlvarez Quintero, Serafín,
_d1871-1938
_9226443
245 1 3 _aEl chiquillo
_b: entremés en prosa /
_cde Serafín y Joaquín Álvarez Quintero.
260 _aMadrid :
_bFlorencio Fiscowich,
_c1899 (
_fR. Velasco, imp.)
300 _a16 p. ;
_c18 cm.
500 _aEn port.: Estrenado en el teatro de la Comedia, de Madrid, el 11 de marzo de 1899.
700 1 _aÁlvarez Quintero, Joaquín,
_d1873-1944
_920922
852 _aES-MaACL
_jF-8637(3)
_z.- Enc. pasta española
_z.- Enc. en un vol. facticio formando parte de la col. facticia "Teatro español moderno", vol. 92
999 _c173979
_d173979